Statystyki dla Flagi województw Polski

Kliknij tutaj aby rozwiązać quiz!

Ogólne statystyki

  • Ten quiz został rozwiązany 106 razy
  • Średni wynik to 10 z 16

Statystyki odpowiedzi

Odpowiedź% Poprawnych
Dolnośląskie
80%
Mazowieckie
72%
Podlaskie
71%
Pomorskie
70%
Opolskie
69%
Małopolskie
68%
Lubelskie
67%
Kujawsko-pomorskie
64%
Śląskie
64%
Łódzkie
62%
Lubuskie
62%
Zachodniopomorskie
61%
Podkarpackie
59%
Wielkopolskie
59%
Świętokrzyskie
58%
Warmińsko-mazurskie
58%

Rozkład punktacji

Percentyl według liczby udzielonych odpowiedzi

Procent ludzi z każdym wynikiem

Twoja historia wyników

Nie rozwiązałeś tego quizu